Loading...
| Literature - European | 0 | 7 | 1 | 1 | 65 | 69 | 114.14 | 0 | 2 | 12.61 | 30.68 |
| Literature - World | 0 | 6 | 1 | 0 | 55 | 67 | 104.33 | 0 | 2 | 13.40 | 31.59 |
| Literature - American | 0 | 5 | 0 | 0 | 50 | 47 | 105.20 | 0 | 2 | 12.03 | 25.00 |
| Science - Chemistry | 0 | 5 | 0 | 0 | 50 | 97 | 104.00 | 0 | 0 | 3.82 | 19.09 |
| Literature - British | 0 | 5 | 0 | 0 | 50 | 73 | 125.40 | 0 | 2 | 5.91 | 22.95 |
| Fine Arts - Other | 0 | 4 | 0 | 0 | 40 | 77 | 109.75 | 0 | 1 | 7.57 | 20.45 |
| Fine Arts - Classical Music | 0 | 4 | 0 | 0 | 40 | 73 | 105.50 | 1 | 2 | 5.93 | 21.82 |
| Mythology | 0 | 4 | 0 | 0 | 40 | 49 | 77.75 | 0 | 2 | 12.82 | 21.14 |
| Social Science | 0 | 3 | 0 | 0 | 30 | 62 | 65.33 | 1 | 3 | 10.34 | 23.64 |
| Philosophy | 0 | 3 | 0 | 0 | 30 | 66 | 80.00 | 1 | 1 | 8.06 | 19.09 |
| Religion | 0 | 3 | 0 | 0 | 30 | 66 | 106.33 | 2 | 2 | 4.12 | 20.45 |
| Science - Biology | 0 | 3 | 0 | 1 | 30 | 47 | 79.67 | 0 | 2 | 8.42 | 16.14 |
| Current Events | 0 | 2 | 0 | 0 | 20 | 75 | 84.00 | 0 | 1 | 21.45 | 46.67 |
| Fine Arts - Painting and Sculpture | 0 | 2 | 0 | 0 | 20 | 86 | 111.50 | 0 | 1 | 2.79 | 8.18 |
| Geography | 0 | 1 | 0 | 0 | 10 | 101 | 101.00 | 0 | 1 | 7.63 | 26.67 |
| History - World | 0 | 1 | 0 | 0 | 10 | 93 | 93.00 | 0 | 1 | 1.93 | 6.36 |
| History - American | 0 | 1 | 0 | 1 | 10 | 126 | 126.00 | 0 | 0 | 0.00 | 0.91 |
| Science - Physics | 0 | 0 | 1 | 0 | -5 | 0.00 | 0 | 0 | 0.00 | 0.00 | |
| History - Other | 0 | 0 | 1 | 0 | -5 | 0.00 | 0 | 0 | 0.00 | 0.00 |